Statistics for Country Music Hall of Fame Inductees

Click here to take the quiz!

General Stats

  • This quiz has been taken 289 times
  • The average score is 31 of 130

Answer Stats

Year InductedInductee% Correct
1999Dolly Parton
86%
1980Johnny Cash
80%
1961Hank Williams
78%
1993Willie Nelson
77%
2012Garth Brooks
76%
1992George Jones
70%
1988Loretta Lynn
70%
2010Don Williams
68%
2001Ken Nelson
67%
1994Merle Haggard
65%
1973Patsy Cline
65%
2001Waylon Jennings
63%
1978Grandpa Jones
61%
2006George Strait
57%
1961Jimmie Rodgers
54%
1998Tammy Wynette
54%
2013Kenny Rogers
53%
2011Reba McEntire
49%
2005Alabama
46%
1970Carter Family
46%
2000Charley Pride
46%
1998Elvis Presley
46%
1977Merle Travis
46%
2016Randy Travis
46%
1988Roy Rogers
46%
1999Conway Twitty
43%
2012Connie Smith
41%
2003Carl Smith
40%
1995Roger Miller
37%
1982Marty Robbins
35%
1996Buck Owens
34%
2005Glen Campbell
34%
2012Hargus "Pig" Robbins
34%
2007Vince Gill
33%
2001Bill Anderson
32%
2004Kris Kristofferson
32%
2015Oak Ridge Boys
31%
1962Roy Acuff
31%
2002Porter Wagoner
29%
2009Roy Clark
29%
2008The Statler Brothers
29%
1973Chet Atkins
28%
1969Gene Autry
28%
2016Charlie Daniels
27%
2008Emmylou Harris
27%
2009Barbara Mandrell
25%
1970Bill Monroe
25%
2014Ronnie Milsap
25%
1980Connie B. Gay
24%
2000Faron Young
24%
2015Jim Ed Brown and the Browns
24%
1972Jimmie Davis
24%
1983Little Jimmy Dickens
24%
2007Mel Tillis
24%
1996Ray Price
24%
1975Minnie Pearl
23%
1997Brenda Lee
22%
1979Hank Snow
22%
1968Bob Wills
21%
1965Ernest Tubb
21%
2001Everly Brothers
21%
1989Hank Thompson
21%
2010Jimmy Dean
21%
1976Kitty Wells
21%
1990Tennessee Ernie Ford
21%
1967Jim Reeves
20%
1982Lefty Frizzell
20%
2008Tom T. Hall
20%
2006Sonny James
18%
1998George Morgan
16%
1997Cindy Walker
14%
1985Flatt and Scrugs
14%
1966George D. Hay
13%
1982Roy Horton
13%
2013Bobby Bare
12%
2001Don Gibson
12%
2003Floyd Cramer
12%
2015Grady Martin
12%
2005DeFord Bailey
11%
2011Jean Shepard
11%
2001Louvin Brothers
11%
1974Pee Wee King
11%
1989Cliffie Stone
10%
2010Ferlin Husky
10%
1981Grant Turner
10%
2014Hank Cochran
10%
1997Harlan Howard
10%
1991Boudleaux and Felice Bryant
9%
2001Don Law
9%
2006Harold Bradley
9%
2001Webb Pierce
9%
2011Bobby Braddock
8%
1966Eddy Arnold
8%
1974Owen Bradley
8%
1976Paul Cohen
8%
1980Sons of the Pioneers
8%
1964Tex Ritter
8%
1981Vernon Dalhart
8%
2002Bill Carlisle
7%
2009Charlie McCoy
7%
2013Cowboy Jack Clement
7%
2016Fred Foster
7%
1961Fred Rose
7%
2001Delmore Brothers
6%
1979Hubert Long
6%
1967Joseph Lee Frank
6%
1967Red Foley
6%
1986Wesley Rose
6%
1992Frances Preston
5%
1966Jim Denny
5%
1999Johnny Bond
5%
1996Patsy Montana
5%
2007Ralph Emery
5%
1987Rod Brasfield
5%
1971Arthur Satherley
4%
2008Ernest V. "Pop" Stoneman
4%
1998E.W. "Bud" Wendell
4%
2001Homer and Jethro
4%
2004Jim Foglesong
4%
2001Jordanaires
4%
2001Sam Phillips
4%
1966Uncle David Macon
4%
2010Billy Sherrill
3%
1989Jack Stapp
3%
2014Mac Wiseman
3%
1967Stephen Sholes
3%
1984Floyd Tillman
2%
1984Ralph Peer
2%
1995Jo Walker-Meador
1%
1986The Duke of Paducah
1%

Score Distribution

Percentile by Number Answered

Percent of People with Each Score

Your Score History

You have not taken this quiz